සම්පූර්ණ ගැටපද විවරණ සහිත දඹදෙණි කතිකාවක නම් වූ මහා විහාර කතිකාවත /

Sampurna gata pada vivara sahitha dhabhadeni katikavatha
Saved in:
Bibliographic Details
Format: Book
Published: [තැ.නො.] : [ප්‍ර.නො.], 1927.
Subjects:
Tags: Add Tag
No Tags, Be the first to tag this record!

MARC

LEADER 00000nam a2200000 4500
003 LK-CoNLD
005 20260129152131.0
008 250919b |||||||| |||| 00| 0 ||| d
015 |2 slnb 
017 |b LK-CoDNA 
040 |a LK-CoNLD  |b SIN  |c LK-CoNLD  |d LK-CoNLD 
082 |2 23  |q LK-CoNLD  |a 954.93 
245 |a සම්පූර්ණ ගැටපද විවරණ සහිත දඹදෙණි කතිකාවක නම් වූ මහා විහාර කතිකාවත /  |c ශ්‍රී ධම්මිනද්‍රාසභ හිමි සහ ශ්‍රී ප්‍රඥාසාගර හිමි.  |6 880-1 
260 |a [තැ.නො.] :  |b [ප්‍ර.නො.],  |c 1927. 
300 |a පි. xiv, [308] ;  |b නූබැ-රෙක : මිල නොදැක්වේ  |c සෙමී. 22  
500 |a රු. 805.00 මිල සකස් කිරීමේ මාර්ගෝපදේශය අනුව සකසන ලද මිල වේ. දඹදෙණි අස්න කුවේණි අස්න 
650 0 |a Sri Lanka-History  |9 5967 
650 0 |a ශ්‍ර්‍ර්‍ර්‍රී ලංකාව-ඉතිහාසය  |9 47225 
880 |6 245-1  |a Sampurna gata pada vivara sahitha dhabhadeni katikavatha 
942 |c BOOK 
945 |a 21064  |b D.M.N MADUSHIKA  |c 18375  |d Vijani RODRIGO 
999 |c 292988  |d 292988